| Tag |
First Indicator |
Second Indicator |
Subfields |
| LEADER |
00000cam a2200000 a 4500 |
| 001 |
in00002139253 |
| 006 |
m e d # |
| 007 |
cr mn mmmmabba |
| 008 |
830107s1799 pau s 000 0 ger d |
| 005 |
20260330213243.3 |
| 035 |
|
|
|z w021078
|
| 035 |
|
|
|a MAAR8301072324B
|
| 035 |
|
|
|9 mwa91-62272
|
| 035 |
|
|
|a 341152
|
| 035 |
|
|
|a aas03021078
|
| 040 |
|
|
|a MWA
|c MWA
|e bdrb
|d UtOrBLW
|
| 041 |
1 |
|
|a ger
|h dut
|
| 100 |
1 |
|
|a Myseras, Lambrecht.
|
| 245 |
1 |
0 |
|a Lambrecht Myseras in Middelburg Empfindungen und Erfahrungen der Frommen auf dem Wege nach dem Himmel /
|c ehemal aus dem Holländischen in das Hochteutsche übersetzet. ; Nunmehro aber verbessert und mit einigen Anmerkungen vermehret.
|
| 250 |
|
|
|a Vierte Auflage.
|
| 264 |
|
1 |
|a York [Pa.] :
|b Gedruckt bey Salomon Mäyer,
|c 1799.
|
| 300 |
|
|
|a 395 pages, 1 unnumbered page ;
|c 16 cm. (18mo)
|
| 336 |
|
|
|a text
|b txt
|2 rdacontent
|
| 337 |
|
|
|a computer
|b c
|2 rdamedia
|
| 338 |
|
|
|a online resource
|b cr
|2 rdacarrier
|
| 500 |
|
|
|a "Vorrede zur Frankfurter herausgabe" dated: Frankfurt geschrieben im Monat September, 1783.
|
| 500 |
|
|
|a Errors in paging: pages 9, 167, 364 misnumbered 6, 176, 264.
|
| 510 |
4 |
|
|a Evans
|c 35854
|
| 530 |
|
|
|a Microform version available in the Readex Early American Imprints series.
|
| 533 |
|
|
|a Electronic text and image data.
|b [Chester, Vt. :
|c Readex, a division of Newsbank, Inc.,
|d 2002-2004.
|e Includes files in TIFF, GIF and PDF formats with inclusion of keyword searchable text.
|f (Early American imprints. First series ; no. 35854).
|
| 500 |
|
|
|a Electronic resource.
|
| 650 |
|
0 |
|a Salvation.
|
| 740 |
0 |
|
|a Empfindungen und Erfahrungen der Frommen auf dem Wege nach dem Himmel.
|
| 752 |
|
|
|a United States
|b Pennsylvania
|d York.
|
| 830 |
|
0 |
|a Early American imprints.
|n Series I,
|p Evans (1639-1800) ;
|v no. 35854.
|
| 856 |
4 |
1 |
|u http://proxy.library.tamu.edu/login?url=https://opac.newsbank.com/select/evans/35854
|y Evans Digital Edition
|t 0
|
| 999 |
|
|
|a MARS
|
| 999 |
f |
f |
|s baf6a65d-95d8-3251-82fd-409ce7de878c
|i 1dc9631f-690a-3742-a772-14738ae521fd
|t 0
|
| 952 |
f |
f |
|a Texas A&M University
|b College Station
|c Electronic Resources
|s www_evans
|d Available Online
|t 0
|h No information provided
|
| 998 |
f |
f |
|t 0
|l Available Online
|